Louis Armstrong New Orleans Int. (New Orleans, LA, USA) - Map - Statistics

General Stats
  • This quiz has been taken 24 times
  • The average score is 47 of 54
Answers on the Map
Answers color-coded by a green-red scale on the quiz's map according to % correct below.
 
Answer Stats
Destination % Correct
Cancún
100%
Fort Myers
100%
Miami
100%
Tampa
100%
Boston
95%
Dallas (Love)
95%
Denver
95%
Houston (Hobby)
95%
Houston (Intercontinental)
95%
Las Vegas
95%
London (Heathrow)
95%
Los Angeles
95%
Minneapolis/St. Paul
95%
New York (JFK)
95%
New York (LaGuardia)
95%
Orlando
95%
Philadelphia
95%
Phoenix (Sky Harbor)
95%
San Diego
95%
Washington (Dulles)
95%
Washington (National)
95%
Atlanta
90%
Austin
90%
Baltimore
90%
Charlotte
90%
Chicago (Midway)
90%
Chicago (O'Hare)
90%
Dallas/Fort Worth
90%
Detroit
90%
Fort Lauderdale
90%
Jacksonville (FL)
90%
Newark
90%
Portland (OR)
90%
Raleigh/Durham
90%
Salt Lake City
90%
San Antonio
90%
San Francisco
90%
Seattle/Tacoma
90%
Toronto (Pearson)
90%
Cincinnati
85%
Kansas City
85%
Pittsburgh
85%
Savannah
85%
St. Louis
85%
Nashville
80%
Richmond
80%
Charleston (SC)
75%
Myrtle Beach
75%
Norfolk
75%
Burbank
70%
San Pedro Sula
70%
Long Beach
65%
Fayetteville/Bentonville
35%
Punta Gorda (FL)
10%
No matching quizzes found
Score Distribution
Percent of People with Each Score
Percentile by Number Answered
Your Score History
You have not taken this quiz